000
00344nam a2200145Ia 4500
008
150201s2005 xx 000 0 und d
082
_a
617.6
_b
S05N
100
_a
MODOL,JOSEPH B
245
_a
SURGERY OF THE TEMPORAL BONE
250
_a
2ND
260
_b
LIPPINCOTT
_a
PHILADELPHIA
_c
2005
300
_a
1-611
650
_a
E.N.T.
942
_2
ddc
_c
BK
999
_c
382
_d
382